MARC

LEADER 00000nam0a2200000 4500
001 70131
005 20231101212506.0
010 |a 502033281X 
035 |a (RuTPU)RU\TPU\book\74672 
090 |a 70131 
100 |a 20041115d2004 k y0rusy50 ca 
101 0 |a rus 
102 |a RU 
105 |a a z 001zy 
200 1 |a Радиопульсары  |f И. Ф. Малов  |g Российская академия наук; Физический институт им. П. Н. Лебедева 
210 |a Москва  |c Наука  |d 2004 
215 |a 191 с.  |c ил. 
320 |a Литература: с. 180-191 
606 |a Пульсары  |2 stltpush  |3 (RuTPU)RU\TPU\subj\53180  |9 71529 
610 1 |a астрофизика 
610 1 |a звезды 
610 1 |a радиопульсары 
610 1 |a радиоспектры 
610 1 |a радиоизлучение 
610 1 |a наблюдения 
610 1 |a классификация 
675 |a 524.35  |v 3 
700 1 |a Малов  |b И. Ф.  |g Игорь Федорович 
712 0 2 |a Российская академия наук (РАН)  |b Физический институт им. П. Н. Лебедева (ФИАН)  |c (Москва)  |2 stltpush  |3 (RuTPU)RU\TPU\col\3474 
801 1 |a RU  |b 63413507  |c 20041115  |g PSBO 
801 2 |a RU  |b 63413507  |c 20180727  |g PSBO 
942 |c BK